02629nam a2200673 a 450000500170000000800410001702000150005804100080007309200170008110000270009824500380012525000510016326000350021430000110024950000710026059000640033165300370039565300500043265300160048265300240049865300240052265300330054665300650057965300550064465300380069965300190073765300470075665300450080365300430084865300290089165300310092065300110095165300250096265300250098765300220101265300300103465300210106465300480108565300210113365300210115465300280117565300240120365300580122765300190128565300270130465300350133165300150136665300260138165300430140765300440145065300440149465300270153865300290156565300470159465300440164194200120168599900150169795202430171220240412084714.0100308s1998||||ag a f |||| 001 0 spa d a9502307836 aspa c574l92sVIL1 aVillee, Claude A.9315 aBiología / cClaude A. Villee. a1a ed. 8a reimp.bTraducción Jorge E. Wright aBuenos Aires: bEUDEBA;c1998. a719 p. aVillee, C. A. (1998). Biología. (1a ed.). Buenos Aires : EUDEBA. aDonación Rotarac Club Cipolletti Comahue, Septiembre 2017 aBiologia y método científico aGeneralizaciones de las ciencias biológicas aProtoplasta aCélulas y tejidos aMetabolismo celular aInterrelaciones biológicas aPropiedades generales de las células de las plantas verdes aEstructuras y funciones de una planta con semillas aTipos de vegetales: las bacterias aAlgas y hongos aInvasión de las tierra por los vegetales aEvolución de la reproducción vegetal aReino animal: invertebrados inferiores aInvertebrados superiores aCordados "Phylum chordata" aSangre aSistema circulatorio aSistema respiratorio aSistema digestivo aMetabolismo y nutrición aSistema excretor aSistema tegumentario. Sistema esquelético aSistema muscular aSistema Nervioso aOrganos de los sentidos aSistema endócrino aEnfermedades infecciosas y las defensas del organismo aReproducción aDesarrollo embrionario aBases físicas de la herencia aGenética aHerencia en el hombre aPrincipios y teorias de la evolución aTestimonios fósiles de la evolución aTestimonios vivientes de la evolución aEvolución del hombre aPrincipios de ecología aResultados de la evolución: adaptación aSinopsis de los reinos vegetal y animal 2ddccBK c2483d2483 00102ddc4070aBFMbBFMcCRd2017-09-27eDonación Rotarac Club Cipolletti Comahue, Septiembre 2017l0o574 92 VILp3952r2017-09-27tEj. 4w2017-09-27yBKzHemeroteca 2022. Donación Rotarac Club Cipolletti Comahue, Septiembre 2017f